| Tag |
First Indicator |
Second Indicator |
Subfields |
| LEADER |
00000cam a2200000 a 4500 |
| 001 |
in00001319521 |
| 005 |
20151005085438.0 |
| 008 |
961113s1992 mx a b f000 0 spa d |
| 035 |
|
|
|a (OCoLC)35908006
|
| 035 |
|
|
|9 AHE0104AM
|
| 040 |
|
|
|a TXA
|c TXA
|d UtOrBLW
|
| 043 |
|
|
|a n-mx---
|
| 049 |
|
|
|a TXAM
|
| 090 |
|
|
|a HE5636.A6
|b P8 no. 9
|
| 245 |
0 |
0 |
|a Análisis de tres grupos de métodos para el estudio de balances de flujos intra e interregionales desde la perspectiva de la circulación de pasajeros y mercancías.
|
| 264 |
|
1 |
|a Querétaro, Mexico :
|b Instituto Mexicano del Transporte, Secretaría de Comunicaciones y Transportes,
|c 1992.
|
| 300 |
|
|
|a 39 pages :
|b illustrations ;
|c 28 cm.
|
| 336 |
|
|
|a text
|b txt
|2 rdacontent
|
| 337 |
|
|
|a unmediated
|b n
|2 rdamedia
|
| 338 |
|
|
|a volume
|b nc
|2 rdacarrier
|
| 490 |
1 |
|
|a Publicación técnica,
|x 0188-7297 ;
|v no. 9
|
| 504 |
|
|
|a Includes bibliographical references (pages 29-39).
|
| 650 |
|
0 |
|a Traffic flow
|z Mexico.
|
| 650 |
|
0 |
|a Transportation
|z Mexico.
|
| 710 |
2 |
|
|a Instituto Mexicano del Transporte.
|
| 830 |
|
0 |
|a Publicacion tecnica (Instituto Mexicano del Transporte) ;
|v no. 9.
|
| 999 |
|
|
|a MARS
|
| 999 |
f |
f |
|s 5a4d5ea0-45d7-3f1c-8b78-0901b54b7ab1
|i 4fa44989-bf2b-3bec-9b46-53ebf88dd319
|t 0
|
| 952 |
f |
f |
|p ric
|a Texas A&M University
|b Rellis Campus
|c Joint Library Facility
|d Remote Storage
|t 0
|e HE5636.A6 P8 no.9
|h Library of Congress classification
|i unmediated -- volume
|m A14820621001
|
| 998 |
f |
f |
|a HE5636.A6 P8 no.9
|t 0
|l Remote Storage
|